E-mail and ethics : (Record no. 598)

MARC details
000 -LEADER
fixed length control field 00644nam a22002057a 4500
005 - DATE AND TIME OF LATEST TRANSACTION
control field 20250420134817.0
008 - FIXED-LENGTH DATA ELEMENTS--GENERAL INFORMATION
fixed length control field 200812b ||||| |||| 00| 0 eng d
020 ## - INTERNATIONAL STANDARD BOOK NUMBER
International Standard Book Number 9781138008601
040 ## - CATALOGING SOURCE
Transcribing agency KCST
082 ## - DEWEY DECIMAL CLASSIFICATION NUMBER
Classification number 004.692
Item number Ro Em
100 ## - MAIN ENTRY--PERSONAL NAME
Personal name Rooksby, Emma
9 (RLIN) 5041
245 ## - TITLE STATEMENT
Title E-mail and ethics :
Remainder of title style and ethical relations in computer-mediated communication /
Statement of responsibility, etc. Emma Rooksby
260 ## - PUBLICATION, DISTRIBUTION, ETC.
Place of publication, distribution, etc. London ; New York :
Name of publisher, distributor, etc. Routledge,
Date of publication, distribution, etc. 2002.
300 ## - PHYSICAL DESCRIPTION
Extent 263 p.
440 ## - SERIES STATEMENT/ADDED ENTRY--TITLE
Title Routledge studies in contemporary philosophy,
Number of part/section of a work 1.
9 (RLIN) 5042
650 ## - SUBJECT ADDED ENTRY--TOPICAL TERM
Topical term or geographic name entry element Electronic mail systems.
9 (RLIN) 5043
650 ## - SUBJECT ADDED ENTRY--TOPICAL TERM
Topical term or geographic name entry element Business ethics.
9 (RLIN) 5044
942 ## - ADDED ENTRY ELEMENTS (KOHA)
Koha item type Book
942 ## - ADDED ENTRY ELEMENTS (KOHA)
Source of classification or shelving scheme Dewey Decimal Classification
Holdings
Withdrawn status Lost status Source of classification or shelving scheme Damaged status Not for loan Home library Current library Date acquired Cost, normal purchase price Total checkouts Full call number Barcode Date last seen Price effective from Koha item type
    Dewey Decimal Classification     KCST Library KCST Library 12/08/2020 13.71   004.692 Ro Em 1000000496 12/08/2020 12/08/2020 Book
© 2025 KCST. All rights reserved